| 000 | 00850nam a2200229 a 4500 | ||
|---|---|---|---|
| 001 | 000006221 | ||
| 005 | 20250523102601.0 | ||
| 008 | 090827s2005 dr a 001 0 spa d | ||
| 040 | _aDO-SdBNP | ||
| 082 |
_a370.115 _bE24d |
||
| 245 | 0 | 0 |
_aEducación para la democracia. / _ccompilación por Kenneth Rodríguez y Norma Wright ; adaptación por Gladys Graciela García Romero; presentación Mu-Kien Adriana San. |
| 250 | _a4a. ed. | ||
| 260 |
_aSanto Domingo : _bPontificia Universidad Católica Madre y Maestra, _c2005. |
||
| 300 |
_a99 p. : _bil. ; _c28 cm. |
||
| 650 | 4 |
_aAutonomía en la educación _917393 |
|
| 650 | 0 |
_aÉtica _9509 |
|
| 650 | 0 |
_aValores (Filosofía) _9604 |
|
| 700 | 1 |
_aRodríguez, Kenneth _ecomp. _917394 |
|
| 700 | 1 |
_aWright, Norma _ecomp. _917395 |
|
| 700 | 1 |
_aGarcía Romero, Gladys Graciela _eadapt. _917396 |
|
| 049 | _aBNPD | ||
| 999 |
_c6016 _d6016 |
||